000 00624nam a2200265Ia 4500
005 20260306164319.0
008 008 260114s9999 xx 000 0 eng d
020 _a9781526120748
037 _aEBOOK
040 _aCRL
040 _beng
040 _cCRL
041 _2eng
041 _aeng
084 _qCRL
100 _aEarle, Moral, Ward-perkins
_91130422
245 4 _aThe Econocracy
260 _bManchester University Press
260 _c2017
650 _aEconomics & Finance
856 _uhttps://academic.oup.com/book/37307
942 _cEBOOK
999 _c1713613
_d1713613